Pensar la infancia II. Tomo I, Infancia, participación, familia y migración /

Spremljeno u:
Bibliografski detalji
Daljnji autori: Alzate P., María Victoria (Alzate Piedrahíta) (autor.), Mejía Solanilla, David, 1992- (Urednik)
Format: e-knjiga
Jezik:španjolski
Izdano: Pereira, Colombia : Editorial UTP, 2024.
Serija:Facultad de Ciencias de la educación. Colección textos académicos.
Teme:
Online pristup:https://elibro.unach.elogim.com/es/lc/unach/titulos/287204
Oznake: Dodaj oznaku
Bez oznaka, Budi prvi tko označuje ovaj zapis!

MARC

LEADER 00000nam a2200000Ii 4500
001 ELB287204
003 FINmELB
005 20251023123000.0
006 m o d |
007 cr cnu||||||||
008 251022s2024 ck a ob 000 0 spa d
020 |a 9789587229455  |q (ebook) 
035 |a (OCoLC)1553197852 
040 |a FINmELB  |b spa  |e rda  |c FINmELB 
050 4 |a HQ771  |b .P467 2024 
080 |a 366.632-053.3 
082 0 4 |a 305.231  |2 23 
245 0 0 |a Pensar la infancia II.  |n Tomo I,  |p Infancia, participación, familia y migración /  |c autores, María Victoria Alzate Piedrahita [y otros 10] ; compilador, David Mejía Solanilla. 
246 3 0 |a Infancia, participación, familia y migración 
264 1 |a Pereira, Colombia :  |b Editorial UTP,  |c 2024. 
300 |a 1 recurso en línea :  |b ilustraciones 
336 |a texto  |b txt  |2 rdacontent/spa 
337 |a computadora  |b c  |2 rdamedia/spa 
338 |a recurso en línea  |b cr  |2 rdacarrier/spa 
490 1 |a Facultad de Ciencias de la educación Colección textos académicos 
504 |a Incluye referencias bibliográficas. 
546 |a Texto en español con resumen en español e inglés en cada capítulo. 
588 |a Descripción basada en metadatos suministrados por el editor y otras fuentes. 
590 |a Recurso electrónico. Santa Fe, Arg.: elibro, 2025. Disponible vía World Wide Web. El acceso puede estar limitado para las bibliotecas afiliadas a elibro. 
650 4 |a Comunicación interpersonal en bebés. 
650 4 |a Desarrollo infantil  |x Aspectos sociales. 
655 4 |a Libros electrónicos. 
700 1 |a Alzate P., María Victoria  |q (Alzate Piedrahíta),  |e autor. 
700 1 |a Mejía Solanilla, David,  |d 1992-  |e editor. 
797 2 |a elibro, Corp. 
830 0 |a Facultad de Ciencias de la educación. Colección textos académicos. 
856 4 0 |u https://elibro.unach.elogim.com/es/lc/unach/titulos/287204